A VORONOVSKAYA-TYPE FORMULA FOR SMK OPERATORS VIA STATISTICAL CONVERGENCE

Bibliographic Details
Main Authors: Aral, Ali (Author), Duman, Oktay (Author)
Format: Article
Language:English

MARC

LEADER 00000nab a2200000uu 4500
001 vtls011450021
003 SK-MaSNL
005 20260303151409.0
008 230222|2011 xo |||||||||||||||||eng|
015 |a SNBRB 
035 |a (urnnbn)urn:nbn:sk:snk:ar-006f43 
035 |a (uuid)b3c97bee-9c4e-466e-96ae-cdf4241dd83c 
035 |a urn:nbn:sk:snk-abcmb0 
040 |a SNKBUCL  |b slo  |c SNKBUCL  |e AACR2 
041 0 |a eng 
044 |a xo  |c SK 
100 1 |a Aral, Ali  |4 aut  |9 1170922 
245 1 0 |a A VORONOVSKAYA-TYPE FORMULA FOR SMK OPERATORS VIA STATISTICAL CONVERGENCE  |c Ali Aral, Oktay Duman 
700 1 |a Duman, Oktay  |4 aut  |9 1170923 
773 0 |t Mathematica Slovaca  |g Roč. 61, č. 2 (2011), s. [235]-244 
958 |a OND 
958 |a EUIPO 
958 |a article16 
999 |c 2017531  |d 2019461